Swachh Bharat Mission successfully transforms India’s sanitation landscape (Record no. 527948)

000 -LEADER
fixed length control field 00720nam a22001337a 4500
008 - FIXED-LENGTH DATA ELEMENTS--GENERAL INFORMATION
fixed length control field 241009b ||||| |||| 00| 0 eng d
245 ## - TITLE STATEMENT
Title Swachh Bharat Mission successfully transforms India’s sanitation landscape
260 ## - PUBLICATION, DISTRIBUTION, ETC. (IMPRINT)
Place of publication, distribution, etc Yojana
300 ## - PHYSICAL DESCRIPTION
Extent 68(10), Oct, 2024: p.17-21
520 ## - SUMMARY, ETC.
Summary, etc The Swachh Bharat mission (SBM), launched by prime Minister Shri Narendra Modi on 2 October 2014, represents a paradigm shift towards with the ambitious goal of making India open., defecation free (ODF) by the 150th Birth anniversary of Mahatma Gandhi in 2019, this Imitative has since revolutionised country’s approach to hygiene and satiation. – Reproduced
773 ## - HOST ITEM ENTRY
Main entry heading Yojana
906 ## - LOCAL DATA ELEMENT F, LDF (RLIN)
Subject DIP SANITATION
942 ## - ADDED ENTRY ELEMENTS (KOHA)
Item type Articles
Holdings
Withdrawn status Lost status Source of classification or shelving scheme Damaged status Not for loan Permanent location Current location Date acquired Serial Enumeration / chronology Barcode Date last seen Koha item type
          Indian Institute of Public Administration Indian Institute of Public Administration 2024-10-09 68(10), Oct, 2024: p.17-21 AR133379 2024-10-09 Articles

Powered by Koha